| 000 | 01511 a2200217 4500 | ||
|---|---|---|---|
| 003 | Nust | ||
| 005 | 20221201093718.0 | ||
| 010 | _a 79015633 | ||
| 020 | _a0070269629 | ||
| 040 | _cNust | ||
| 082 | 0 | 0 | _a536.2,STU |
| 245 | 0 | 0 |
_aStudies in heat transfer : _ba Festschrift for E. R. G. Eckert / _cedited by J. P. Hartnett ... [et al.]. |
| 260 |
_aWashington : _bHemisphere Pub. Corp., _cc1979. |
||
| 300 |
_axii, 516 p. : _bill. ; _c25 cm. |
||
| 505 | _aTurbine Blade Cooling in aero Engines (Page-1), Near Wall Tribunes (Page-17), Analysis of Film (Page-33), Analogy of Film (Page-41), Effective Surface Temperature (Page-55), Some numerical Results (Page-69), Evolution of orating (Page-83), Some Aspects of turbulence (Page-108), Natural Convocation from Vector Plates (Page-120), Steady State Laminar Natural (Page-209), Integrated Property Correlation (Page-247), Toward a Common Understanding of the performance (Page-257) Heat Transfer in complex Duct Flows (Page-273), Effects of Mechanical Degradation (Page-297), Experimental Study (Page-309), The Concept of a fully Developed Regime (Page-329), Thermal Conductivity of fully developed Regime (Page-433), Heat Transfer Between Horizontal Layers (Page-441), Modern Problems of Heat Transfer Augmentation (Page-457), The thermals Triode Page-485). | ||
| 600 | 1 | 0 |
_aEckert, E. R. G. _d1904- _9103858 |
| 650 | 0 |
_aHeat _xTransmission. |
|
| 700 | 1 |
_aEckert, E. R. G. _d1904- _9103858 |
|
| 700 | 1 |
_aHartnett, J. P. _9103859 |
|
| 942 |
_2ddc _cBK _k536.2,STU |
||
| 999 |
_c184016 _d184016 |
||